| 000 | 00794nam a2200217 a 4500 | ||
|---|---|---|---|
| 005 | 20230209063736.0 | ||
| 008 | 991125s1982 mx 000 0 spa u | ||
| 035 | _aUPN01000057420 | ||
| 049 | _aCG | ||
| 050 | 4 |
_aLA422 _bU7.8 |
|
| 100 | 1 | _aUralde, Beatriz E. | |
| 245 | 1 | 0 |
_aTrayectoria de la prestación de servicios vinculados con los mínimos de bienestar educativo, 1821-1970 / _celaborado por Beatriz E. Uralde, Minerva Polanco Tapia, Alejandro Sainz Zamora. |
| 260 |
_aMéxico : _bISEAC, _c1982. |
||
| 300 | _a3, 172 h. | ||
| 500 | _a"Forma parte del proyecto: Mínimos de bienestar educativo" | ||
| 500 | _aFotocopia | ||
| 650 | 4 |
_aEducación _zMéxico _xHistoria _9187 |
|
| 700 | 1 |
_aPolanco Tapia, Minerva, _ecoaut. |
|
| 700 | 1 |
_aSáinz Zamora, Alejandro, _ecoaut. |
|
| 905 | _aLibro | ||
| 999 |
_c57420 _d57420 |
||